[Event "Hessen-ch Gr-F 62nd"]
[Site "Hanau"]
[Date "2008.03.21"]
[Round "2"]
[White "Cimen, Nergez Melisa"]
[Black "Mager, Denis"]
[Result "0-1"]
[WhiteElo "793"]
[BlackElo "1000"]
[PlyCount "120"]
[EventDate "2008.03.21"]
[EventType "swiss"]
[EventRounds "5"]
[EventCountry "GER"]
[SourceTitle "CBM 123 Extra"]
[Source "ChessBase"]
[SourceDate "2008.05.06"]
[SourceVersion "1"]
[SourceVersionDate "2008.05.06"]
[SourceQuality "1"]

1. e4 e5 2. Nf3 Nc6 3. Bc4 Nf6 4. d3 Bc5 5. 0-0 d6 6. a3 0-0 7. b4 Bb6 8. a4 Nxb4 9. c3 Nc6 10. Ng5 h6 11. Nf3 Na5 12. Ba2 Bg4 13. h3 Bh5 14. Nbd2 Nc6 15. Qe1 Re8 16. d4 exd4 17. cxd4 Nxd4 18. Nxd4 Bxd4 19. Rb1 Rb8 20. Bb2 Bxb2 21. Rxb2 d5 22. Bb1 dxe4 23. Nxe4 Nxe4 24. Bxe4 Bg6 25. Rb4 f5 26. f3 fxe4 27. fxe4 Qe7 28. Rf4 Qe5 29. Rg4 Bh7 30. Rb5 Qd4+ 31. Kh1 Rxe4 32. Rxe4 Qxe4 33. Qxe4 Bxe4 34. Re5 Bc6 35. a5 a6 36. Re7 Rc8 37. Kh2 Kf8 38. Re5 Rd8 39. Rf5+ Ke7 40. g3 Rd5 41. Rxd5 Bxd5 42. h4 Kd6 43. Kg1 c5 44. Kf1 c4 45. Ke1 Kc5 46. Kd2 b6 47. axb6 Kxb6 48. Kc3 a5 49. Kb2 a4 50. Ka3 Kb5 51. g4 c3 52. g5 c2 53. gxh6 gxh6 54. Kb2 Be4 55. h5 a3+ 56. Kc1 a2 57. Kb2 a1Q+ 58. Kxa1 c1Q+ 59. Ka2 Qb1+ 60. Ka3 Qb4+ 0-1